| 000 | 00647cam a2200217 a 4500 | ||
|---|---|---|---|
| 001 | 3487962 | ||
| 005 | 20241106170227.0 | ||
| 008 | 940726s1995 njua 001 0 eng | ||
| 020 | _a9780024153500 | ||
| 050 | 0 | 0 |
_aQA76.6 _b.S684 1995 |
| 082 | 0 | 0 |
_a005.1 _220 |
| 100 | 1 | _aSprankle, Maureen. | |
| 245 | 1 | 0 |
_aProblem solving and programming concepts / _cMaureen Sprankle. |
| 250 | _a3rd ed. | ||
| 260 |
_aEnglewood Cliffs, N.J. : _bPrentice Hall, _cc1995. |
||
| 300 |
_axv, 471 p. : _bill. ; _c28 cm. |
||
| 500 | _aIncludes index. | ||
| 650 | 0 | _aComputer programming. | |
| 650 | 0 | 0 |
_aProblem solving _xData processing. |
| 942 |
_2lcc _cBK _e3rd Ed. _n0 |
||
| 999 |
_c734 _d734 |
||